Rozpoznaj przedmioty League of Legends po zdjęciu [poziom trudny] - Statystyki

Ogólne statystyki
  • Ten quiz został rozwiązany 32 razy
  • Średni wynik to 7 z 16
Statystyki odpowiedzi
Obrazkowy Odpowiedź % Poprawnych
Taniec Śmierci
81%
Odkupienie
69%
Udręka Liandry
69%
Gruboskórność Steraka
65%
Zefir
65%
Złodziej Esencji
65%
Manamune
62%
Przepływ Burzy
42%
Płaszcz Negacji
38%
Demoniczny Uścisk
35%
Kula Zagłady
27%
Śmiertelne Przypomnienie
27%
Hextechowy Pas Rakietowy
23%
Atlas Świata
15%
Żelazny Bicz
12%
Skrzydlaty Księżycowy Pancerz
0%
Nie znaleziono quizów pasujących do podanych kryteriów
Rozkład punktacji
Procent ludzi z każdym wynikiem
Percentyl według liczby udzielonych odpowiedzi
Twoja historia wyników
Nie rozwiązałeś tego quizu